Studies on Agronomic Management of Winter Maize-Based Intercropping Systems / (Record no. 50389)

MARC details
000 -LEADER
fixed length control field 00533nam a22001937a 4500
003 - CONTROL NUMBER IDENTIFIER
control field OSt
008 - FIXED-LENGTH DATA ELEMENTS--GENERAL INFORMATION
fixed length control field 260504b |||||||| |||| 00| 0 eng d
082 ## - DEWEY DECIMAL CLASSIFICATION NUMBER
Classification number 633.15
Item number S48S
100 ## - MAIN ENTRY--PERSONAL NAME
Personal name Sinha, Krishna Kant.
245 ## - TITLE STATEMENT
Title Studies on Agronomic Management of Winter Maize-Based Intercropping Systems /
Statement of responsibility, etc. by Krishna Kant Sinha
260 ## - PUBLICATION, DISTRIBUTION, ETC. (IMPRINT)
Place of publication, distribution, etc .- Pusa, Samastipur
Name of publisher, distributor, etc : RAU
Date of publication, distribution, etc , 1994
300 ## - PHYSICAL DESCRIPTION
Extent 397p.
502 ## - DISSERTATION NOTE
Degree type Ph. D.
Year degree granted 1994
650 ## - SUBJECT ADDED ENTRY--TOPICAL TERM
Topical term or geographic name as entry element Agronomy
650 ## - SUBJECT ADDED ENTRY--TOPICAL TERM
Topical term or geographic name as entry element Winter Maize
650 ## - SUBJECT ADDED ENTRY--TOPICAL TERM
Topical term or geographic name as entry element Thesis
650 ## - SUBJECT ADDED ENTRY--TOPICAL TERM
Topical term or geographic name as entry element Ph. D.
942 ## - ADDED ENTRY ELEMENTS (KOHA)
Source of classification or shelving scheme
Koha item type Thesis
Holdings
Withdrawn status Lost status Source of classification or shelving scheme Damaged status Not for loan Home library Current library Date acquired Source of acquisition Cost, normal purchase price Total Checkouts Full call number Barcode Date last seen Bill Date Koha item type Bill Number
          Dr. Rajendra Prasad Central Agricultural University Pusa, Dr. Rajendra Prasad Central Agricultural University Pusa, 04/05/2026 by Author 0.00   633.15 S48S 45249 04/05/2026 04/05/2026 Thesis Gift
Hosted, Implemented, Customized & Maintained by: BestBookBuddies

Powered by Koha